000 00580nam 22001933 4500
001 202812
090 _a202812
100 _a20230823d u||y0pory50 ba
200 _aUlisses
_fJames Joyce
_gtraduction intégrale par Auguste Morel
210 _aGallimard
_cUlysse
_dcop.1948
215 _a704 p.
_cbrochado
_d17 cm
225 _aLivre de Ponche
_v1436
606 _91143
_aLiteratura Irlandesa
610 _aEm língua Francesa
675 _a821.111(417)-3
_vFR
_zfra
700 _92261
_aJoyce
_bJames
_f1882-1941
801 _aPT
_bBMMN
_gRPC
830 _cAna Falardo
_fAna Falardo
990 _cLIVROS